Welcome to CU Library Online Public Access Catalogue (OPAC)

Leadership/ (Record no. 931)

MARC details
000 -LEADER
fixed length control field 00533nam a22001817a 4500
005 - DATE AND TIME OF LATEST TRANSACTION
control field 20241108173150.0
008 - FIXED-LENGTH DATA ELEMENTS--GENERAL INFORMATION
fixed length control field 241108b |||||||| |||| 00| 0 eng d
020 ## - INTERNATIONAL STANDARD BOOK NUMBER
International Standard Book Number 9780538468282
050 ## - LIBRARY OF CONGRESS CALL NUMBER
Classification number HD57.7
Item number .D732 DAF
100 ## - MAIN ENTRY--PERSONAL NAME
Personal name Daft Richard L.
245 ## - TITLE STATEMENT
Title Leadership/
Statement of responsibility, etc. Richard L. Daft assit. by Patricia G. Lane
250 ## - EDITION STATEMENT
Edition statement 5th Ed.
260 ## - PUBLICATION, DISTRIBUTION, ETC.
Place of publication, distribution, etc. Australia;
Name of publisher, distributor, etc. Cengage Learning;
Date of publication, distribution, etc. 2011
300 ## - PHYSICAL DESCRIPTION
Extent xviii. 509p.;
Other physical details ill. col.;
Dimensions 25.5 cm x 20.5 cm
500 ## - GENERAL NOTE
General note Includes index
650 ## - SUBJECT ADDED ENTRY--TOPICAL TERM
Source of heading or term Leadership
942 ## - ADDED ENTRY ELEMENTS (KOHA)
Source of classification or shelving scheme Library of Congress Classification
Koha item type Books
Edition 5th Ed.
Suppress in OPAC No
999 ## -
-- 931
-- 931
Holdings
Withdrawn status Lost status Source of classification or shelving scheme Damaged status Not for loan Collection Home library Current library Shelving location Date acquired Total checkouts Full call number Barcode Date last seen Copy number Price effective from Koha item type
    Library of Congress Classification     Non-fiction Business Library (Miotso) Business Library (Miotso) General stacks 11/08/2024   HD57.7 .D732 DAF BSSM00000245 11/08/2024 1 11/08/2024 Books
    Library of Congress Classification     Non-fiction Business Library (Miotso) Business Library (Miotso) General stacks 11/08/2024   HD57.7 .D732 DAF BSSM00000246 11/08/2024 2 11/08/2024 Books
    Library of Congress Classification     Non-fiction Business Library (Miotso) Business Library (Miotso) General stacks 11/08/2024   HD57.7 .D732 DAF BSSM00000247 11/08/2024 3 11/08/2024 Books
    Library of Congress Classification     Non-fiction Graduate Library (Christ Temple) Graduate Library (Christ Temple) General stacks 01/30/2025   HD 57.7.D732 DAF GSCT00000424 01/30/2025 1 01/30/2025 Books
    Library of Congress Classification     Non-fiction Graduate Library (Christ Temple) Graduate Library (Christ Temple) General stacks 01/30/2025   HD 57.7.D732 DAF GSCT00000425 01/30/2025 2 01/30/2025 Books
    Library of Congress Classification     Non-fiction Graduate Library (Christ Temple) Graduate Library (Christ Temple) General stacks 01/30/2025   HD 57.7.D732 DAF GSCT00000426 01/30/2025 3 01/30/2025 Books
    Library of Congress Classification     Non-fiction Graduate Library (Christ Temple) Graduate Library (Christ Temple) General stacks 01/30/2025   HD 57.7.D732 DAF GSCT00000427 01/30/2025 4 01/30/2025 Books
© 2023-2024 Copyright: Central University Libraries. All Rights Reserved | Created by: Mahone Tech Office